{"text_format":"3","workbook":"xls","n_sheets":1,"sheets":["明细表"],"read":"whole","date_system":"1900","formulas":"cached_only"}

{"sheet":"明细表","index":0,"n_rows":29,"n_cols":9,"rows_kept":29,"merged":[[0,0,0,8],[25,0,25,6],[28,0,28,6]],"flags":["formulas_cached_only"]}
["淮安生物工程高等职业学校 基础课部体育耗材申购表"]
["序号","耗材名称","品牌型号","规格/主要参数","购置数量","参考单价（元）","单位","单项控制价（元）","备注"]
[1,"篮球","李宁-088","7号",40,90,"个",3600]
[2,"足球","李宁","5号",30,70,"个",2100,"黄绿高端PCV"]
[3,"排球","卡尔美--VB9000-E白蓝色","中考用球",30,50,"个",1500]
[4,"球网兜【兜球用】",null,null,20,30,"个",600,"尼龙绳加粗耐用"]
[5,"坐位体前屈仪器",null,null,4,38,"个",152]
[6,"身高体重测试仪器",null,null,2,200,"个",400]
[7,"秒表","天福","三排60道",4,140,"块",560]
[8,"肺活量测试仪器手持款","中考款",null,2,72,"个",144]
[9,"肺活量测试吹嘴",null,null,1000,0.25,"个",250]
[10,"羽毛球","得力",null,50,65,"桶",3250,"每桶12只"]
[11,"乒乓球","红双喜","二星级，黄球",1,70,"桶",70,"每桶200只，高弹力，桶装"]
[12,"篮球网","加粗型篮网",null,10,40,"个",400]
[13,"划线车",null,null,1,130,"个",130,"中号，灰斗30乘以30，带盖子"]
[14,"足球网",null,"11人制",8,160,"个",1280]
[15,"小足球网",null,"7人制",4,150,"个",600]
[16,"口哨","魔腾海豚哨 WDFPMR109分贝","无核",11,65,"个",715,"黑色、红色、灰色、淡蓝四色混搭"]
[17,"篮球记分牌",null,null,2,200,"个",400,"带架子"]
[18,"乒乓球记分牌","盒式多功能（99-99记分牌）",null,6,45,"个",270,"红蓝款"]
[19,"移动排球网架","便携式",null,1,300,"个",300,"定制，男女成人可用，可调节"]
[20,"沙包",null,"小号7×7",40,5,"个",200,"荞麦填充物"]
[21,"毽子",null,"21CM",40,4.5,"个",180,"鹅毛大花毽"]
[22,"乒乓球拍子",null,"红双喜",25,65,"套",1625,"每套横拍＋直拍"]
[23,"羽毛球网",null,null,8,70,"个",560]
["总控制价（元）：",{"$nulls":6},19286]
[]
[]
["注：1.此表单价为参考价格，报价不得超过控制价；2.可将此表修改为报价单，但其中序号、耗材品名、型号规格、单位、数量不得修改。"]